000 00509cam a22002171 4500
001 sa 68000340
003 DLC
005 20260227112423.0
008 890718s1964 ii 000 0 tamo
010 _asa 68000340
035 _a(OCoLC)20029016
040 _aDLC
_cWaU
_dDLC
042 _apremarc
050 0 0 _aPN6409.T3
_bR3
100 1 _aRāmasvāmi, P.
245 1 0 _aUlakap pal̲amol̲ikaḷ.
260 _c[1964]
300 _a8, 18-391 p.
_c19 cm.
500 _aIn Tamil.
650 0 _aProverbs.
999 _c77136
_d77136